ბათუმის შოთა რუსთაველის სახელმწიფო უნივერსიტეტის ბიბლიოთეკა

4854(ზუგდიდის დაბლობიდან თეთნულდის წვერამდე) : (ბიბ.ჩანაწერი № 39885)

000 -ლიდერი
ფიქსირებული სიგრძის საკონტროლო ველი 00902nam a2200217Ia 4500
001 - საკონტროლო ნომერი
საკონტროლო ველი 6490
003 - საკონტროლო ნომრის იდენტიფიკატორი
საკონტროლო ველი GE_BSU
005 - ბოლო ოპერაციის თარიღი და დრო
საკონტროლო ველი 20191010120950.0
008 - ფიქსირებული სიგრძის მონაცემთა ელემენტები - ზოგადი ინფორმაცია
ფიქსირებული სიგრძის საკონტროლო ველი 181216s1935||||geo|||||||||||||| ||geo||
040 ## - კატალოგიზაციის წყარო
Transcribing agency GE_BSU
041 ## - ენის კოდი
Language code of text/sound track or separate title geo
080 ## - უნივერსალური ათობითი კლასიფიკაციის ინდექსი
Universal Decimal Classification number 821.353.1-4 ბ-45
100 ## - მთავარი ჩანაწერი - პიროვნების სახელი
Personal name ბელიაშვილი, აკაკი
9 (RLIN) 4491
245 ## - ცნობა სათაურის შესახებ
Title 4854(ზუგდიდის დაბლობიდან თეთნულდის წვერამდე) :
Remainder of title ნარკვევი /
264 ## - წარმოების, გამოცემის, დისტრიბუციის და სხვა ცნობები
გამოცემის, წარმოების, დისტრიბუციის... ადგილი ტფილისი :
გამოცემის, წარმოების, დისტრიბუციის... სახელწოდება [გ.გ.] ;
გამოცემის, წარმოების, დისტრიბუციის... თარიღი 1935.
300 ## - ფიზიკური აღწერა
Extent 115გვ. ;
Dimensions 18 სმ.
490 ## - სერიის ცნობა
Series statement (საქართველოს გეოგრაფიული საზოგადოება)
653 ## - INDEX TERM--UNCONTROLLED
Uncontrolled term 4854(ზუგდიდის დაბლობიდან თეთნულდის წვერამდე)
653 ## - INDEX TERM--UNCONTROLLED
Uncontrolled term ნარკვევი
942 ## - ADDED ENTRY ELEMENTS (KOHA)
Koha item type წიგნი
Source of classification or shelving scheme
ეგზემპლარები
ჩამოწერის სტატუსი დაკარგული ეგზემპლარის სტატუსი კლასიფიკაციის წყარო ან თაროზე გაწყობის სქემა დაზიანების სტატუსი არ გაიცემა მუდმივი მდებარეობა (დაცვის ადგილი) ამჟამინდელი ადგილსამყოფელი თაროზე განთავსების ადგილი შეძენის თარიღი ღირებულება, შესყიდვის ნორმალური ფასი სრული შენახვის შიფრი შტრიხკოდი ბოლო ოპერაციის თარიღი ეგზემპლარის მიმდევრობითი ნომერი (კეტერი?) ფასის ძალაში შესვლის თარიღი ეგზემპლარის სახეობა საჯარო შენიშვნა
          ბათუმის შოთა რუსთაველის სახელმწიფო უნივერსიტეტის მთავარი ბიბლიოთეკა ბათუმის შოთა რუსთაველის სახელმწიფო უნივერსიტეტის მთავარი ბიბლიოთეკა წიგნსაცავი 2018-12-17 6.00 821.353.1-4 ბ-45 14047 2018-12-17 14047 2018-12-17 წიგნი 6 ლ.